[Event "It (open) \"]
[Site "masterchessopen.com St. Veit (Austria)"]
[Round "1"]
[White "Tomitz Hermann (AUT)"]
[Black "Vokroj Rene (AUT)"]
[Result "0-1"]
[WhiteElo "2111"]
[BlackElo "2288"]

1.d4 Nf6 2.c4 e6 3.Nf3 b6 4.g3 Bb7 5.Bg2 Bb4+ 6.Bd2 a5 7.O-O O-O 8.Nc3 Ne4
9.Nxe4 Bxe4 10.a3 Bxd2 11.Nxd2 Bxg2 12.Kxg2 f5 13.e4 fxe4 14.Nxe4 d5 15.Nc3
dxc4 16.Qe2 Qxd4 17.Qxe6+ Kh8 18.Rad1 Qc5 19.Rd5 Qc6 20.Qe7 Na6 21.Rd1 Nc5
22.f3 Rae8 23.Qh4 Nd3 24.Qg4 Ne1+ 25.Kh3 Nxf3 26.Rf1 Qh6+ 27.Rh5 Qe6 28.Qxe6
Rxe6 29.Rh4 Kg8 30.Rxc4 Rh6+ {#R} 0-1

[Event "Ch Europe (team) (juniors) (under 18)"]
[Site "masterchessopen.com Balatonlelle (Hungary)"]
[Round "7"]
[White "Jankovic Alojzije (CRO)"]
[Black "Kjartansson David (ISL)"]
[Result "1-0"]
[WhiteElo "2343"]
[BlackElo "2258"]

1.d4 e6 2.c4 Nf6 3.Nf3 b6 4.g3 Bb7 5.Bg2 Bb4+ 6.Nbd2 O-O 7.O-O d5 8.cxd5 exd5
9.Ne5 Re8 10.Ndf3 Nbd7 11.Bf4 Bd6 12.Rc1 Rc8 13.Bh3 Bxe5 14.Nxe5 c5 15.Qa4
Nxe5 16.Bxc8 Bxc8 17.Bxe5 Nd7 18.Bd6 Nf6 19.dxc5 Bh3 20.Rfe1 bxc5 21.Bxc5 {#r}
1-0

[Event "It (open)"]
[Site "masterchessopen.com Basel (Switzerland)"]
[Round "2"]
[White "Peter Ambrus (HUN)"]
[Black "Jerosch Gunnar (GER)"]
[Result "1-0"]
[WhiteElo "2441"]
[BlackElo "2116"]

1.d4 Nf6 2.c4 e6 3.Nf3 b6 4.g3 Bb7 5.Bg2 Bb4+ 6.Bd2 Be7 7.Nc3 d5 8.cxd5 exd5
9.O-O O-O 10.Rc1 Nbd7 11.Qa4 c6 12.Rfd1 Bd6 13.Nh4 g6 14.Bg5 Be7 15.Bh3 Re8
16.e3 Ne4 17.Bxe7 Rxe7 18.Nf3 f5 19.Ne2 Re6 20.Nf4 Rd6 21.Bg2 Ng5 22.Nxg5 Qxg5
23.Nd3 Qe7 24.Nb4 Qe6 25.Rc3 a5 26.Nd3 Ba6 27.Nf4 b5 28.Qc2 Qf6 29.Rxc6 Rxc6
30.Bxd5+ Kg7 31.Qxc6 {#r} 1-0

[Event "It (open) \"]
[Site "masterchessopen.com Belgium"]
[Round "0"]
[White "Nieto Emanuel (BEL)"]
[Black "Vanparys Philip (BEL)"]
[Result "1-0"]
[WhiteElo "2152"]
[BlackElo "2174"]

1.Nf3 Nf6 2.c4 b6 3.d4 Bb7 4.g3 e6 5.Bg2 Bb4+ 6.Nbd2 O-O 7.a3 Be7 8.O-O c5
9.d5 exd5 10.Nh4 Bc6 11.cxd5 Nxd5 12.e4 Nc7 13.Nf5 d5 14.Qg4 Bf6 15.e5 Bxe5
16.Nf3 Bf6 17.Bh6 Bd7 18.N3h4 g6 19.Qf4 Bxf5 20.Nxf5 Re8 21.Rfe1 Ne6 22.Nd6
Nc6 23.Bxd5 Ncd4 24.Bxa8 Qxa8 25.Qxf6 Nf3+ 26.Qxf3 {#r} 1-0

[Event "It (open)"]
[Site "masterchessopen.com Essen (Germany)"]
[Round "5"]
[White "Melkumjanz Nikolay (GER)"]
[Black "Krueger Andre (GER)"]
[Result "1-0"]
[WhiteElo "2290"]
[BlackElo "2127"]

1.d4 Nf6 2.Nf3 e6 3.c4 b6 4.g3 Bb7 5.Bg2 Bb4+ 6.Nbd2 O-O 7.O-O Be7 8.Qc2 c5
9.dxc5 bxc5 10.b3 d6 11.Bb2 Nbd7 12.e4 Qc7 13.Ne1 Ne5 14.f4 Nc6 15.Qd3 Nd7
16.Nc2 Bf6 17.Bxf6 Nxf6 18.Bf3 Rfd8 19.Qe3 Nb4 20.Rfc1 a5 21.a3 Nxc2 22.Rxc2
Bc6 23.g4 Qb7 24.g5 Nd7 25.a4 d5 26.Rf1 d4 27.Qd3 f6 28.Bg4 Re8 29.Qh3 f5
30.exf5 Bg2 {#r} 1-0

[Event "Ch Norway (team) 1999/00"]
[Site "masterchessopen.com Norway"]
[Round "9"]
[White "Lillevold Frode (NOR)"]
[Black "Jansson Joran (NOR)"]
[Result "0-1"]
[WhiteElo "2164"]
[BlackElo "2255"]

1.d4 Nf6 2.c4 e6 3.Nf3 b6 4.g3 Bb7 5.Bg2 Bb4+ 6.Bd2 Be7 7.Bg5 O-O 8.Nc3 h6
9.Bxf6 Bxf6 10.O-O d6 11.Qc2 Nd7 12.Rad1 g6 13.h4 Qe7 14.e4 c5 15.Rfe1 Bg7
16.e5 dxe5 17.dxe5 Rad8 18.Qc1 Bxf3 19.Bxf3 Nxe5 20.Bg2 Nd3 {#R} 0-1

[Event "It (open)"]
[Site "masterchessopen.com San Francisco (USA)"]
[Round "6"]
[White "Pupols Viktors (USA)"]
[Black "Hernandez Rodolfo (CUB)"]
[Result "1-0"]
[WhiteElo "2264"]
[BlackElo "2141"]

1.d4 Nf6 2.c4 e6 3.Nf3 b6 4.g3 Bb7 5.Bg2 Bb4+ 6.Nbd2 O-O 7.O-O d5 8.Ne5 Nbd7
9.cxd5 exd5 10.Ndf3 Bd6 11.Bg5 Re8 12.Nxd7 Qxd7 13.Bxf6 gxf6 14.Nh4 Kh8 15.e3
Rg8 16.Qf3 Qe6 17.Nf5 Bf8 18.h4 Rd8 19.Rac1 c5 20.dxc5 bxc5 21.b4 Bc8 22.Bh3
Qe4 23.Qh5 Rg6 24.bxc5 Re8 25.c6 Re5 26.c7 d4 27.exd4 Bb7 28.Kh2 Re8 29.Rfe1
Qxe1 30.Rxe1 Rxe1 31.Bg2 {#r} 1-0

[Event "It (open)"]
[Site "masterchessopen.com San Sebastian (Spain)"]
[Round "3"]
[White "Saenz Juan Jose (ESP)"]
[Black "Montoya Irigoyen Inigo (ESP)"]
[Result "1-0"]
[WhiteElo "2308"]
[BlackElo "2056"]

1.d4 Nf6 2.c4 e6 3.Nf3 b6 4.g3 Bb7 5.Bg2 Bb4+ 6.Nbd2 O-O 7.O-O d5 8.Ne5 Nbd7
9.Ndf3 Nxe5 10.Nxe5 Be7 11.Bf4 Ne4 12.Rc1 c5 13.cxd5 Bxd5 14.Qc2 f5 15.Rfd1
Qe8 16.f3 Nf6 17.e4 fxe4 18.fxe4 Bb7 19.Qb3 Bd6 20.dxc5 Bxc5+ 21.Rxc5 bxc5
22.Qxb7 Qa4 23.Qb3 Qxb3 24.axb3 Rad8 25.Rc1 h6 26.Be3 {#r} 1-0

[Event "It"]
[Site "masterchessopen.com Tampere (Finland)"]
[Round "3"]
[White "Tuominen Risto (FIN)"]
[Black "Savolainen Leo (RUS)"]
[Result "1-0"]
[WhiteElo "2188"]
[BlackElo "2215"]

1.d4 Nf6 2.c4 e6 3.Nf3 b6 4.g3 Bb7 5.Bg2 Bb4+ 6.Bd2 Be7 7.Nc3 c5 8.d5 exd5
9.Nh4 O-O 10.Nf5 Re8 11.Nxe7+ Qxe7 12.cxd5 d6 13.O-O Nbd7 14.Re1 a6 15.e4 c4
16.e5 Nxe5 17.f4 Nfd7 18.fxe5 Nxe5 19.Bf4 f6 20.Bxe5 fxe5 21.Bh3 Qc7 22.Ne4 h6
23.Be6+ Kh8 24.Qh5 Rad8 25.Qg6 Bc8 26.Ng5 {#r} 1-0

[Event "Verbandsliga Baden North 2000/01"]
[Site "masterchessopen.com Germany"]
[Date "2000.10.15"]
[Round "2"]
[White "Zimmermann Paul (GER)"]
[Black "Wagner Bernd (GER)"]
[Result "1-0"]
[WhiteElo "2195"]
[BlackElo "2064"]

1.d4 e6 2.c4 Nf6 3.Nf3 b6 4.g3 Bb7 5.Bg2 Bb4+ 6.Nbd2 O-O 7.O-O c5 8.a3 Bxd2
9.Qxd2 d5 10.dxc5 bxc5 11.cxd5 exd5 12.b4 Ne4 13.Qf4 Nd7 14.bxc5 Ndxc5 15.Bb2
Ba6 16.Nd4 Qb6 17.Rab1 Ne6 18.Qe5 Nxd4 19.Bxd4 Qg6 20.Rb2 Bc4 21.Rc1 Nf6 22.e3
Rfe8 23.Qf4 Ne4 24.Rb7 a6 25.Bxe4 {#r} 1-0

[Event "It (cat.2)"]
[Site "masterchessopen.com Budapest (Hungary)"]
[Round "10"]
[White "Eperjesi Laszlo Dr (HUN)"]
[Black "Puschmann Laszlo (HUN)"]
[Result "1-0"]
[WhiteElo "2294"]
[BlackElo "2273"]

1.d4 Nf6 2.c4 e6 3.Nf3 b6 4.g3 Bb7 5.Bg2 Bb4+ 6.Bd2 Be7 7.Nc3 O-O 8.O-O d5
9.Ne5 c6 10.Bf4 Nbd7 11.e4 Nxe4 12.Nxe4 dxe4 13.Bxe4 Nxe5 14.Bxe5 Qd7 15.Qc2
f5 16.Bg2 Bd6 17.Rad1 Qc7 18.Rfe1 Bxe5 19.Rxe5 Rf6 20.Qe2 Qd7 21.h4 Rd8 22.Bf3
Qd6 23.c5 Qd7 24.a4 h6 25.h5 g5 26.hxg6 Rxg6 27.Kg2 Rf8 28.b4 f4 29.Qe4 Qf7
30.Bh5 {#r} 1-0

[Event "Ch Asia (w)"]
[Site "masterchessopen.com Chennai (India)"]
[Round "11"]
[White "Geldyeva Mekhri (TKM)"]
[Black "Yu Ting (CHN)"]
[Result "1-0"]
[WhiteElo "2284"]
[BlackElo "2246"]

1.d4 Nf6 2.c4 e6 3.Nf3 b6 4.g3 Bb7 5.Bg2 Bb4+ 6.Bd2 Be7 7.O-O O-O 8.Nc3 d5
9.cxd5 Nxd5 10.Rc1 Nd7 11.Nxd5 Bxd5 12.Qc2 Rc8 13.e4 Bb7 14.Bc3 h6 15.Rfd1 c6
16.Qe2 Qe8 17.Re1 Qd8 18.Rcd1 Bf6 19.e5 Be7 20.Nd2 Qc7 21.Ne4 Rcd8 22.Qg4 Ba8
23.Bd2 Kh7 24.Qh5 c5 25.Bf4 Qc8 26.dxc5 Nxc5 27.Nf6+ Bxf6 28.exf6 Rh8 29.fxg7
Kxg7 30.Bxh6+ Rxh6 31.Qg5+ {#r} 1-0

[Event "It (open) \"]
[Site "masterchessopen.com Copenhagen (Denmark)"]
[Round "9"]
[White "Mortensen Henrik (DEN)"]
[Black "Moller Arne (DEN)"]
[Result "1-0"]
[WhiteElo "2058"]
[BlackElo "2026"]

1.d4 Nf6 2.c4 e6 3.Nf3 b6 4.g3 Bb7 5.Bg2 Bb4+ 6.Bd2 Bxd2+ 7.Qxd2 O-O 8.O-O d6
9.Nc3 Nbd7 10.d5 e5 11.e4 Nc5 12.Qe2 Bc8 13.h3 Bd7 14.b4 Nb7 15.Nd2 a5 16.a3
axb4 17.axb4 Qe7 18.Nb3 h6 19.Qb2 Rfb8 20.Rxa8 Rxa8 21.Ra1 Rxa1+ 22.Qxa1 Qd8
23.Qa7 Qc8 24.Kh2 Nh7 25.g4 h5 26.f3 hxg4 27.fxg4 Nf6 28.Kg3 g6 29.Bf3 Nh7
30.Be2 f5 31.c5 Nd8 32.Ba6 {#r} 1-0

[Event "Ch Chess Club"]
[Site "masterchessopen.com Nassau (USA)"]
[Round "1"]
[White "Bonin Jay R (USA)"]
[Black "Felber Joseph J (USA)"]
[Result "1-0"]
[WhiteElo "2404"]
[BlackElo "2133"]

1.d4 Nf6 2.c4 e6 3.Nf3 b6 4.g3 Bb7 5.Bg2 Bb4+ 6.Bd2 a5 7.O-O Bxd2 8.Qxd2 O-O
9.Nc3 Ne4 10.Nxe4 Bxe4 11.Ne1 Bxg2 12.Nxg2 f5 13.Rfe1 Nc6 14.e4 fxe4 15.Rxe4
Kh8 16.Rae1 Qf6 17.d5 exd5 18.cxd5 Nb4 19.Nf4 Na6 20.Re7 Qh6 21.Rxd7 Rae8
22.Rxe8 Rxe8 23.Qe2 {#r} 1-0

[Event "It (open)"]
[Site "masterchessopen.com Oberwart (Austria)"]
[Round "4"]
[White "Gagarin Vasilij (RUS)"]
[Black "Fucak Emilijo (CRO)"]
[Result "1-0"]
[WhiteElo "2449"]
[BlackElo "2332"]

1.d4 Nf6 2.Nf3 e6 3.c4 b6 4.g3 Bb7 5.Bg2 Bb4+ 6.Bd2 Be7 7.Nc3 O-O 8.O-O Na6
9.Re1 c5 10.e4 d5 11.exd5 exd5 12.cxd5 Nxd5 13.Nxd5 Bxd5 14.Qe2 Nb4 15.Bxb4
{#r} 1-0

[Event "It (cat.1)"]
[Site "masterchessopen.com Paks (Hungary)"]
[Round "5"]
[White "Macsik Tamas (HUN)"]
[Black "Sebe-Vodislav Razvan-Alexandru (ROM)"]
[Result "0-1"]
[WhiteElo "2200"]
[BlackElo "2264"]

1.d4 Nf6 2.Nf3 e6 3.c4 b6 4.g3 Bb7 5.Bg2 Bb4+ 6.Bd2 Be7 7.Nc3 O-O 8.O-O d5
9.Ne5 Nbd7 10.Nxd7 Qxd7 11.cxd5 exd5 12.Rc1 Rfe8 13.Bf4 Rac8 14.Qb3 Ne4
15.Rfd1 Nxc3 16.Rxc3 Bf6 17.Re3 Red8 18.Red3 Bc6 19.Qa3 a5 20.b3 Bb5 21.R3d2
Re8 22.Be3 h5 23.h4 Rxe3 24.fxe3 Re8 25.e4 dxe4 26.e3 Qg4 27.Qc1 Qxg3 28.Rc2
Bxh4 29.Rxc7 Bg5 30.Re1 h4 31.Qd2 Qxc7 {#R} 0-1

[Event "It (open) \"]
[Site "masterchessopen.com Schwabisch Gmund (Germany)"]
[Round "5"]
[White "Bunzmann Dimitrij (GER)"]
[Black "Jerosch Gunnar (GER)"]
[Result "1-0"]
[WhiteElo "2469"]
[BlackElo "2087"]

1.d4 Nf6 2.Nf3 e6 3.c4 b6 4.g3 Bb7 5.Bg2 Bb4+ 6.Bd2 Be7 7.Nc3 O-O 8.O-O d5
9.cxd5 Nxd5 10.Qc2 c5 11.dxc5 Bxc5 12.Rad1 Nd7 13.Nxd5 Bxd5 14.Ng5 Nf6 15.Bc3
Qc8 16.e4 Bb7 17.e5 h6 18.exf6 hxg5 19.fxg7 Re8 20.Qe2 Bxg2 21.Qh5 f6 22.Qh8+
Kf7 23.g8=Q+ Rxg8 24.Qxf6+ Ke8 25.Kxg2 Qb7+ 26.f3 Qf7 27.Qe5 Be7 28.f4 Qf5
29.Qxf5 exf5 30.fxg5 {#r} 1-0

[Event "Tournament (2)"]
[Site "masterchessopen.com St. Lo (France)"]
[Round "1"]
[White "Restout Bruce (FRA)"]
[Black "Lozac'hmeur Yann (FRA)"]
[Result "0-1"]
[WhiteElo "2060"]
[BlackElo "2048"]

1.d4 Nf6 2.Nf3 e6 3.c4 b6 4.g3 Bb7 5.Bg2 Bb4+ 6.Bd2 Bxd2+ 7.Qxd2 O-O 8.O-O d6
9.Nc3 Ne4 10.Qc2 Nxc3 11.Ng5 Nxe2+ 12.Qxe2 Bxg2 13.Kxg2 Qxg5 14.f4 Qf6 15.f5
Nd7 16.g4 e5 17.d5 e4 18.h4 Qe5 19.Rae1 f6 20.Qe3 Qxb2+ 21.Re2 Qe5 22.Qh3 Nc5
23.g5 Nd3 24.Qg4 Rae8 25.gxf6 Qxf6 26.Qg3 Re5 {#R} 0-1

[Event "It (open)"]
[Site "masterchessopen.com Tapolca (Hungary)"]
[Round "2"]
[White "Szirmai Eduard (HUN)"]
[Black "Kraft Philippe (SUI)"]
[Result "1-0"]
[WhiteElo "2140"]
[BlackElo "2177"]

1.d4 Nf6 2.c4 e6 3.Nf3 b6 4.g3 Bb7 5.Bg2 Bb4+ 6.Nbd2 O-O 7.O-O Be7 8.Qc2 d6
9.e4 c5 10.e5 dxe5 11.dxe5 Ne8 12.Ng5 Bxg5 13.Bxb7 Nd7 14.Bxa8 Qxa8 15.f4 Be7
16.Qe4 Qc8 17.Nf3 b5 18.b3 Qa6 19.Be3 Nb6 20.Rfc1 g6 21.a4 bxa4 22.bxa4 Ng7
23.a5 Nd7 24.Bf2 Nb8 25.Qb1 Qc6 26.Rc3 Na6 27.Qb5 Qc8 28.Rd1 Nb4 29.Rd7 {#r}
1-0

[Event "Ch France (team) 2002"]
[Site "masterchessopen.com France"]
[Round "9"]
[White "Lautier Joel (FRA)"]
[Black "Nikolic Predrag (BIH)"]
[Result "0-1"]
[WhiteElo "2670"]
[BlackElo "2638"]

1.Nf3 Nf6 2.d4 e6 3.c4 b6 4.g3 Bb7 5.Bg2 Bb4+ 6.Bd2 Be7 7.Nc3 O-O 8.O-O Na6
9.Bf4 Ne4 10.Nxe4 Bxe4 11.Qa4 Qc8 12.Rfd1 d6 13.b4 c6 14.Bf1 b5 15.Qa5 Qb7
16.Nd2 Bc2 17.Rdc1 Ba4 18.cxb5 cxb5 19.Nc4 d5 20.Nd6 Qb6 21.Qxb6 axb6 22.Rc6
Nxb4 23.Rxb6 g5 24.Be3 Rfb8 25.Nb7 Ra7 {#R} 0-1

[Event "It (open)"]
[Site "masterchessopen.com Salzburg (Austria)"]
[Round "1"]
[White "Ebner Johann (AUT)"]
[Black "Grabher Heinz (AUT)"]
[Result "1-0"]
[WhiteElo "2098"]
[BlackElo "2227"]

1.d4 Nf6 2.c4 e6 3.Nf3 b6 4.g3 Bb7 5.Bg2 Bb4+ 6.Nbd2 O-O 7.O-O d5 8.cxd5 exd5
9.Ne5 Nbd7 10.Ndf3 Ne4 11.Nxd7 Qxd7 12.Ne5 Qe6 13.f3 Nf6 14.Bg5 Rfe8 15.f4 Bd6
16.f5 Qe7 17.Ng4 h5 18.Nxf6+ gxf6 19.e4 dxe4 20.Qxh5 Qd8 21.Bh6 Kh7 22.Qxf7+
{#r} 1-0

[Event "Tournament"]
[Site "masterchessopen.com San Jose (Uruguay)"]
[Round "4"]
[White "Guerrero Alvaro (URU)"]
[Black "Rodriguez Santiago (URU)"]
[Result "1-0"]
[WhiteElo "2132"]
[BlackElo "2170"]

1.d4 Nf6 2.c4 e6 3.Nf3 b6 4.g3 Bb7 5.Bg2 Bb4+ 6.Nbd2 O-O 7.O-O Bxd2 8.Bxd2 d6
9.b4 Nbd7 10.Bc3 Qe7 11.a3 Rfd8 12.Qb3 Rac8 13.Rac1 c5 14.Rfd1 Ba8 15.Qa4 Be4
16.dxc5 dxc5 17.Qxa7 {#r} 1-0

[Event "It (b)"]
[Site "masterchessopen.com Serpukhov (Russia)"]
[Round "9"]
[White "Samarin Igor (RUS)"]
[Black "Kulish Oksana (RUS)"]
[Result "1-0"]
[WhiteElo "2383"]
[BlackElo "2155"]

1.Nf3 Nf6 2.c4 e6 3.g3 b6 4.Bg2 Bb7 5.d4 Bb4+ 6.Bd2 Be7 7.Nc3 d5 8.Ne5 O-O
9.O-O c5 10.dxc5 bxc5 11.cxd5 exd5 12.Qb3 Qb6 13.Nxd5 Nxd5 14.Bxd5 Qxb3
15.Bxb3 Nc6 16.Nxc6 Bxc6 17.Rac1 Bb5 18.Bc4 Bxc4 19.Rxc4 Rfd8 20.Be3 Bf6 21.b3
Bd4 22.Bxd4 Rxd4 23.Rxd4 cxd4 24.Rd1 {#r} 1-0

[Event "Ch World (seniors)"]
[Site "masterchessopen.com Naumburg (Germany)"]
[Date "2002.10.28"]
[Round "6"]
[White "Klempt Guenter (GER)"]
[Black "Dahlhaus Friedhelm (GER)"]
[Result "1-0"]
[WhiteElo "2067"]
[BlackElo "2213"]

1.d4 Nf6 2.c4 e6 3.Nf3 b6 4.g3 Bb7 5.Bg2 Bb4+ 6.Nbd2 a5 7.O-O O-O 8.a3 Be7
9.Re1 d5 10.b3 Nbd7 11.Bb2 Re8 12.Rc1 Rc8 13.e3 Bd6 14.Ne5 Qe7 15.a4 c5
16.cxd5 Bxd5 17.e4 Ba8 18.Nxd7 Nxd7 19.Nc4 cxd4 20.Qxd4 {#r} 1-0

[Event "It (open)"]
[Site "masterchessopen.com Oberwart (Austria)"]
[Round "4"]
[White "Cvitan Ognjen (CRO)"]
[Black "Zsifkovits Robert (AUT)"]
[Result "1-0"]
[WhiteElo "2532"]
[BlackElo "2158"]

{ Cvitan Ognjen (CRO) +2 =2 -0 } 1.Nf3 { 1 } 1...Nf6 2.c4 e6 3.d4 b6 4.g3 Bb7
5.Bg2 Bb4+ 6.Bd2 Be7 7.Nc3 O-O 8.O-O d5 9.cxd5 exd5 10.Ne5 { ?/= } ( 10.Rc1
Na6 { 1/2-1/2, Speelman Jonathan S 2575 - Psakhis Lev 2615 , Sochi 1982 It
(cat.11) } ) ( 10.Bf4 Nbd7 11.Qb3 c5 12.Rfd1 c4 13.Qc2 a6 14.a4 Nb8 15.b3 cxb3
16.Qxb3 Nc6 17.Ne5 Nb4 18.Rac1 Rc8 19.Bh3 Rc7 20.Ng4 Rc6 21.Ne3 Bc8 22.Bxc8
Rxc8 23.Be5 a5 24.Bxf6 Bxf6 25.Nexd5 Nxd5 26.Qxd5 Qxd5 27.Nxd5 Rxc1 28.Nxf6+
gxf6 29.Rxc1 Kg7 { ...1/2-1/2, Topalov Veselin 2707 - Ljubojevic Ljubomir 2559
, Monaco 2000 It "Melody Amber" (blindfold) } ) 10...c6 11.Qa4 ( 11.Qb3 Bd6
12.Bg5 h6 13.Bxf6 Qxf6 14.e4 Bxe5 15.dxe5 Qxe5 16.exd5 Re8 17.Rfd1 cxd5
18.Bxd5 Bxd5 19.Rxd5 Qe6 20.Nb5 Na6 21.Rad1 Nc5 22.Qa3 Qf6 23.Qc3 Ne4 {
1/2-1/2, Fokin Sergey 2420 - Semeniuk Alexander A 2370 , Riga 1988 } ) (
11.Rc1 Nbd7 12.Qa4 Nxe5 13.dxe5 Nd7 14.e4 Nc5 15.Qc2 d4 16.Na4 Nd7 17.b4 Nxe5
18.f4 Ng4 19.Rfd1 Qc7 20.Qd3 Rad8 21.a3 c5 22.bxc5 Qc6 23.Qb3 bxc5 24.Re1 Rb8
25.Qc2 d3 26.Qd1 c4 27.Qxg4 Qxa4 28.Bc3 g6 29.f5 Qd7 30.Rcd1 Bc5+ { ...0-1,
Neunhoeffer Helmut Dr 2235 - Darga Klaus 2510 , Germany 1986 Bundesliga
1985/86 } ) ( 11.Bg5 Nbd7 12.Nxd7 Qxd7 13.Qd2 Rfd8 14.Rad1 Rac8 15.Rfe1 h6
16.Bf4 c5 17.e4 dxe4 18.dxc5 Qf5 19.Bd6 Rxc5 20.Bxe7 Rxd2 21.Rxd2 Re5 22.Bxf6
Qxf6 23.Rde2 e3 24.Rxe3 Rxe3 25.fxe3 Bxg2 26.Kxg2 b5 27.a3 a5 28.Re2 Qc6+
29.e4 f5 30.Kf1 b4 { ...0-1, Beni Alfred 2200 - Unzicker Wolfgang 2545 , Bad
Pyrmont 1963 Ch Europe (team) (qual) } ) ( 11.Qc2 Na6 12.Rad1 Bd6 13.Bg5 Re8
14.e4 Nb4 15.Qb3 c5 16.Nxd5 Nbxd5 17.exd5 Bxe5 18.dxe5 Rxe5 19.f4 Re2 20.Bf3
Re8 21.d6 Bxf3 22.Qxf3 Qd7 23.Bxf6 gxf6 24.f5 Kh8 25.Qh5 Re5 26.g4 Rg8 27.h3
Kg7 28.Rd2 h6 29.Qh4 Rge8 30.Qf2 Re3 { ...0-1, Kekki Jorma 2230 - Stefansson
Hannes 2335 , Saltsjobaden 1988 It (open) } ) 11...Nfd7 ( 11...a5 12.Rfd1 b5
13.Qc2 Nbd7 14.Nd3 Re8 15.Bg5 Qb6 16.e3 Bd6 17.Bxf6 Nxf6 18.Rac1 Rac8 19.Ne2
Rc7 20.Bh3 Ne4 21.Nc5 Bxc5 22.dxc5 Qa7 23.Nd4 g6 24.Bg2 f5 25.h4 Qb8 26.Bf3 h5
27.Kg2 Qd8 28.Ne2 Qf6 29.Nf4 Ba6 30.a3 Rce7 31.Rd4 { ...1/2-1/2, Kalinitschew
Sergey 2515 - Bunzmann Dimitrij 2275 , Essen 1996 Match "Essen-Borbeck" } ) (
11...b5 12.Qb3 Nbd7 13.Nd3 Qb6 14.e3 a5 15.Rfc1 Rfe8 16.Re1 Rad8 17.Rad1 Bd6
18.Qc2 Ne4 19.Nxe4 dxe4 20.Nc5 Bxc5 21.dxc5 Nxc5 22.Bxa5 Qxa5 23.Qxc5 Rd5
24.Qc2 c5 25.Bxe4 Rxd1 26.Bxh7+ Kh8 27.Rxd1 Qb6 28.Bf5 Qc6 29.e4 g6 30.Bd7
Qxe4 31.Qxe4 { ...1/2-1/2, Gruen Peter 2380 - Fahnenschmidt Gerhard Dr 2365 ,
Germany 1986 Bundesliga 1986/87 } ) 12.Nxd7 { N } ( 12.Nd3 Bf6 13.e3 Na6
14.Rfd1 Re8 15.b4 Nc7 16.b5 c5 17.Nf4 cxd4 18.exd4 Nf8 19.Be3 Nfe6 20.Qb3 Nxf4
21.Bxf4 Ne6 22.Be3 Nc7 23.a4 Re7 24.a5 bxa5 25.Rxa5 Rd7 26.Qa2 a6 27.b6 Ne6
28.Nxd5 Rb8 29.Nxf6+ Qxf6 30.Bxb7 Rbxb7 31.Rxa6 h5 { ...1-0, Kristiansen Jens
2395 - Schneider Lars-Ake 2385 , Esbjerg 1977 It } ) ( 12.f4 Nxe5 13.fxe5 Na6
14.e4 dxe4 15.Be3 Nb4 16.Bxe4 Nd5 17.Nxd5 cxd5 18.Bd3 Bg5 19.Bxg5 Qxg5 20.Rf4
Bc8 21.Rc1 Be6 22.Ba6 Qe7 23.Rf3 f6 24.exf6 Rxf6 25.Rxf6 Qxf6 26.Rf1 Qe7
27.Qc6 Re8 28.Rc1 Kf7 29.Rf1+ Kg8 30.Re1 Kf7 31.Qc2 Qb4 { ...1/2-1/2, Gonzalez
Garcia Jose 2360 - Lengyel Levente 2365 , Budapest 1995 It (cat.8) } )
12...Nxd7 { } 13.Rfd1 Nf6 14.Bg5 Re8 15.Rac1 Ne4 16.Bxe7 Qxe7 17.Nxe4 dxe4
18.Rc3 Qg5 19.e3 h5 20.Qc2 Qe7 21.d5 c5 22.b4 Rac8 { ?! } ( 22...Rad8 { !? }
23.bxc5 Bxd5 24.c6 Qc7 { } ) 23.d6 Qd7 24.bxc5 bxc5 25.Rxc5 Rxc5 26.Qxc5 Qa4 {
?! } ( 26...g6 { !? } 27.Qxa7 Ra8 28.Qd4 h4 { } ) 27.Rd4 Qxa2 28.d7 Qa1+
29.Bf1 Rd8 30.Qc7 Ba6 31.Qxd8+ Kh7 32.Qg8+ { } {#r} 1-0

[Event "Bundesliga (2nd) West 2002/03"]
[Site "masterchessopen.com Germany"]
[Date "2003.01.13"]
[Round "4"]
[White "Panchenko Alexandar G (UKR)"]
[Black "Parulava Temur (GER)"]
[Result "1-0"]
[WhiteElo "2419"]
[BlackElo "2290"]

1.d4 Nf6 2.Nf3 e6 3.c4 b6 4.g3 Bb7 5.Bg2 Bb4+ 6.Bd2 Be7 7.Nc3 O-O 8.Qc2 c6
9.e4 d5 10.e5 Nfd7 11.h4 Re8 12.Ng5 Nf8 13.f4 Na6 14.cxd5 Nb4 15.Qb1 f6 16.d6
Bxd6 17.exd6 fxg5 18.Ne4 c5 19.hxg5 Rb8 20.a3 Na6 21.Qd3 cxd4 22.b4 e5 23.f5
Qd7 24.g4 Rbc8 25.g6 hxg6 26.Qb3+ Ne6 27.fxe6 Qxe6 28.Qh3 Bxe4 29.Bxe4 Qxd6
30.Qh7+ Kf7 31.O-O+ {#r} 1-0

[Event "Ch Provinciale BG"]
[Site "masterchessopen.com Bergamo (Italy)"]
[Date "2003.11.21"]
[Round "7"]
[White "Impellizzeri Francesco (ITA)"]
[Black "Biava Pierluigi (ITA)"]
[Result "0-1"]
[WhiteElo "1872"]
[BlackElo "1698"]

1.d4 Nf6 2.c4 e6 3.Nf3 b6 4.g3 Bb7 5.Bg2 Bb4+ 6.Bd2 a5 7.O-O O-O 8.Nc3 d5
9.Ne5 Nbd7 10.Nxd7 Qxd7 11.Bg5 Be7 12.Qc2 h6 13.Bf4 c5 14.dxc5 Bxc5 15.Rfd1
Rfd8 16.Be5 Qe7 17.Kf1 Ng4 18.Bd4 Nxh2+ 19.Kg1 Ng4 20.cxd5 exd5 21.Qb3 Nf6
22.e3 Ne4 23.Na4 Bxd4 24.Rxd4 Qf6 25.Bxe4 dxe4 26.Rad1 Rxd4 27.Rxd4 Rc8 28.Nc3
Re8 29.Qb5 Qe6 30.Rd7 Bc6 {#R} 0-1

[Event "It (open)"]
[Site "masterchessopen.com Chennai (India)"]
[Date "2004.01.22"]
[Round "2"]
[White "Prakash G B (IND)"]
[Black "Phoobalan P (IND)"]
[Result "1-0"]
[WhiteElo "2428"]
[BlackElo "2236"]

1.d4 Nf6 2.c4 e6 3.Nf3 b6 4.g3 Bb7 5.Bg2 Bb4+ 6.Bd2 Be7 7.Nc3 O-O 8.O-O c5
9.d5 exd5 10.Nh4 Ne4 11.Nf5 Bf6 12.cxd5 Nxc3 13.bxc3 d6 14.Bf4 Be7 15.e4 Bc8
16.Nxe7+ Qxe7 17.e5 Nd7 18.Re1 g5 19.exd6 Qf6 20.Qg4 h6 21.h4 Qxc3 22.hxg5 Ne5
23.Qe2 Nd3 24.Bd2 Qa3 25.Qf3 hxg5 26.Qf6 {#r} 1-0

[Event "Bayern Oberliga 2003/04"]
[Site "masterchessopen.com Bayern (Germany)"]
[Date "2004.02.15"]
[Round "6"]
[White "Meister Peter (GER)"]
[Black "Heimrath Reiner (GER)"]
[Result "1-0"]
[WhiteElo "2392"]
[BlackElo "2276"]

1.d4 Nf6 2.c4 e6 3.Nf3 b6 4.g3 Bb7 5.Bg2 Bb4+ 6.Nbd2 O-O 7.O-O Re8 8.Qc2 a5
9.e4 d5 10.cxd5 exd5 11.e5 Nfd7 12.Nb1 Nf8 13.Bg5 Be7 14.Bxe7 Rxe7 15.Nc3 Na6
16.Rad1 Nb4 17.Qb1 c5 18.a3 Na6 19.Rfe1 Nc7 20.dxc5 bxc5 21.Nh4 Ng6 22.Nf5 Rd7
23.Nd6 Rxd6 24.exd6 Qxd6 25.Qc2 c4 26.b3 Ne5 27.bxc4 Nxc4 28.Nxd5 Nxd5 29.Qxc4
Nb6 30.Rxd6 Nxc4 31.Bxb7 {#r} 1-0

[Event "It (open) \"]
[Site "masterchessopen.com Moscow (Russia)"]
[Date "2004.02.21"]
[Round "5"]
[White "Shariyazdanov Andrey (RUS)"]
[Black "Zhao Jun (CHN)"]
[Result "0-1"]
[WhiteElo "2583"]
[BlackElo "2511"]

1.d4 Nf6 2.Nf3 e6 3.g3 b6 4.Bg2 Bb7 5.c4 Bb4+ 6.Bd2 Be7 7.Nc3 d5 8.cxd5 Nxd5
9.O-O Nd7 10.Re1 O-O 11.e4 Nxc3 12.bxc3 c5 13.Bf4 Nf6 14.Ne5 cxd4 15.cxd4 Bb4
16.Re3 Rc8 17.Qa4 Bd2 18.Rf3 Nxe4 19.Qxa7 Nd6 20.Rb3 Bxg2 21.Bxd2 Bd5 22.Rc3
Rxc3 23.Bxc3 Nb5 {#R} 0-1

[Event "Bayern Oberliga 2003/04"]
[Site "masterchessopen.com Bayern (Germany)"]
[Date "2004.03.07"]
[Round "7"]
[White "Meister Peter (GER)"]
[Black "Kaeppel Roland (GER)"]
[Result "1-0"]
[WhiteElo "2392"]
[BlackElo "2170"]

1.d4 Nf6 2.c4 e6 3.Nf3 b6 4.g3 Bb7 5.Bg2 Bb4+ 6.Bd2 Be7 7.Nc3 O-O 8.Qc2 d5
9.cxd5 exd5 10.O-O c5 11.Rfd1 Nc6 12.Bg5 Nb4 13.Qb1 Ne4 14.Be3 Qc8 15.a3 Nxc3
16.bxc3 Na6 17.a4 Nc7 18.a5 Qe6 19.dxc5 b5 20.Nd4 Qg6 21.a6 Nxa6 22.c6 Bc8
23.Qxg6 hxg6 24.Nxb5 {#r} 1-0